000 00659nam a2200253Ia 4500
003 OSt
005 20220924122623.0
006 a|||||r|||| 00| 0
007 ta
008 220923b |||||||| |||| 00| 0 urd d
020 _c2.8
024 _a309947
037 _cTextual
040 _aARTS
_cARTS
_burd
041 _2urd
_aurd
082 _aO168w0Q2,2.N2, G9
100 _aKakorvi Nazir
245 0 _aUrdu ke hindu adeeb
260 _aLucknow
_bAnwar Book Depo India
_c1939
300 _a256p.
_ccm.
650 _aURDU LITERATURE
942 _hO168w0Q2,2.N2, G9
_cTEXL
_2CC
999 _c412381
_d412381